| Поле | Инд. | ПП | Название | Значение |
|---|---|---|---|---|
| Тип записи | a | |||
| Библиографический уровень | m | |||
| 001 | Контрольный номер | 0a55b5ba-d77f-4d1b-87ab-83f73c550836 | ||
| 005 | Дата корректировки | 20140703132722.8 | ||
| 008 | Кодируемые данные | 050128 | ||
| 020 | c | Цена, тираж | б/ц | |
| 040 | a | Служба первич. каталог. | НБ ТвГУ | |
| 041 | a | Код языка текста | rus | |
| 080 | a | Индекс УДК | 800/801(043.3) | |
| a | Индекс УДК | 808.2(043.3) | ||
| a | Индекс УДК | 929Аксаков | ||
| 084 | a | Индекс другой классификации/Индекс ББК | Ш1д(2)5я031 | |
| a | Индекс другой классификации/Индекс ББК | Ш141.12-2я031 | ||
| a | Индекс другой классификации/Индекс ББК | Ш141.12-0я031 | ||
| 090 | x | Авторский знак | П39 | |
| a | Полочн. индекс | Ш1д(2)5 | ||
| 100 | 1_ | a | Автор | Плотникова Елена Николаевна |
| 245 | 10 | a | Заглавие | Лингвистические взгляды К.С. Аксакова |
| b | Продолж. заглавия | автореф. дис. ... канд. филол. наук : 10.02.01 | ||
| c | Ответственность | Моск. обл. пед. ин-т им. Н. К. Крупской | ||
| 260 | 1_ | a | Место издания | Москва |
| c | Дата издания | 1990 | ||
| 300 | a | Объем | 19, [1] с. | |
| 500 | a | Примечание | На правах рукоп. | |
| 504 | a | Библиография | Библиогр.: с. 20 и в подстроч. примеч. | |
| 583 | a | Действие | Получение впервые 10 28.01.2005 | |
| 650 | a | Основная рубрика | Аксаков, Константин Сергеевич, о нем | |
| 650 | a | Основная рубрика | Языкознание | |
| x | Основная подрубрика | История | ||
| y | Хронологическая подрубрика | 19 в. | ||
| 650 | a | Основная рубрика | Лингвистические учения | |
| 650 | a | Основная рубрика | Русский язык | |
| x | Основная подрубрика | Грамматика | ||
| x | Основная подрубрика | История | ||
| 653 | a | Ключевые слова | Аксаков | |
| a | Ключевые слова | Языкознание | ||
| a | Ключевые слова | История языкознания | ||
| a | Ключевые слова | Лингвистические учения | ||
| a | Ключевые слова | История лингвистических учений | ||
| a | Ключевые слова | Русский язык | ||
| a | Ключевые слова | Грамматика русского языка | ||
| a | Ключевые слова | История русского языка | ||
| a | Ключевые слова | Авторефераты | ||
| a | Ключевые слова | Персоналии | ||
| 852 | t | Порядковый номер экземпляра | 2 | |
| p | Инвентарный номер | б/н | ||
| 888 | a | Бесплатные | ||
| 930 | a | Новая/Ретро | авторефераты | |
| a | Новая/Ретро | персоналии | ||
| 952 | p | 10.2005 б/ц 2 б/н | ||
| c | Вид литературы | А/Р н | ||
| 954 | a | Дата поступления на обработку | 20050217 | |
| 999 | a | Подразделение 2 | ч.з. |